• 首页
  • 本馆介绍
  • 公告通知
  • 最新文献
  • 馆藏检索
  • 电子资源
  • 读者导购
  • 参考咨询
  • 我的图书馆
  • 登录
  • 详细信息显示
  • 放入我的书架
  • 预约/预借图书
  • 作者相关作品
  • 分类相关作品
  • 丛书相关作品
  • 出版社相关作品

书目信息

  • 表格格式
  • 工作单格式
  • 卡片格式
题名:
英国史
    
 
作者: 贾士衡 译
分册: 下册  
出版信息: 台北   五南图书出版社  1986.10
页数: 1189页
开本: 20cm
丛书名: 部编学术译丛
单 册:
中图分类: K561.0
科图分类:
主题词: 西欧--历史
电子资源:
ISBN:
000 00579nam0 2200217 45
001 0405101474
005 20040510150116.2
010    @b精装@dCNY7.78
100    @a20040510d1986 km y0chiy0120 ea
101 0  @achi
105    @a z 000yy
200 1  @a英国史@h下册@AYing Guo Shi@f贾士衡译@FJia Shi Heng Yi
210    @a台北@c五南图书出版社@d1986.10
215    @a1189页@d20cm
225    @a部编学术译丛
410    @12001 @a部编学术译丛
606 0  @a西欧@x历史
690    @aK561.0@v3
701  0 @a贾士衡@4译
801    @aCN@bPftUser@c20040510
905    @f1@b231882@dK561.0@e17:2
    
    英国史.下册/贾士衡译.-台北:五南图书出版社,1986.10
    1189页;20cm.-(部编学术译丛)
    
    
    ISBN (精装):CNY7.78
    
●
相关链接 在E读中查询图书 在五车中查询图书 在当当中查询图书 在豆瓣中查询图书


正题名:英国史     索取号:K561.0/17:2         预约/预借

序号 登录号 条形码 馆藏地/架位号 状态 备注
1 0231882   001415123   第二借阅区/ [索取号:K561.0/17:2] 在馆    
唐山师范学院图书馆 欢迎您!
大连网信软件有限公司© 版权所有